[Event "Minsk Kupreichik Memorial rapid"]
[Site "Minsk"]
[Date "2019.08.17"]
[Round "8"]
[White "Agapov, Sergey"]
[Black "Naumovich, Yaroslav"]
[Result "1/2-1/2"]
[WhiteElo "2265"]
[BlackElo "1868"]
[PlyCount "122"]
[EventDate "2019.08.15"]
[EventType "swiss (rapid)"]
[EventRounds "10"]
[EventCountry "BLR"]
[SourceTitle "CBM 191 Extra"]
[Source "ChessBase"]
[SourceDate "2019.09.30"]
[SourceVersion "1"]
[SourceVersionDate "2019.09.30"]
[SourceQuality "1"]

1. d4 Nf6 2. Bg5 d5 3. Nd2 c5 4. e3 Nc6 5. Ngf3 e6 6. c3 Qb6 7. Rb1 Be7 8. Bd3 0-0 9. Ne5 h6 10. Bh4 Nd7 11. Bg3 Ndxe5 12. dxe5 Bd7 13. 0-0 f5 14. exf6 Bxf6 15. e4 Qd8 16. Qe2 Rc8 17. Rbd1 Qe7 18. Nf3 Qf7 19. Bc2 Rfd8 20. exd5 exd5 21. Rxd5 Be6 22. Rxc5 b6 23. Rb5 Bc4 24. Qe4 Ne7 25. Bb3 Bxb3 26. axb3 Re8 27. Qb7 Nc6 28. Qxf7+ Kxf7 29. Rd5 Rcd8 30. Rxd8 Rxd8 31. b4 g5 32. h3 h5 33. Re1 Rd5 34. Kf1 g4 35. hxg4 hxg4 36. Nh2 Rd2 37. Nxg4 Rxb2 38. Nxf6 Kxf6 39. Rd1 Ke7 40. Bf4 Rb3 41. Rc1 a5 42. bxa5 bxa5 43. g4 Ke6 44. Rd1 Rxc3 45. Kg2 a4 46. Ra1 a3 47. Bc1 a2 48. Bb2 Rc2 49. Rxa2 Nb4 50. Ra5 Rxb2 51. Ra3 Rd2 52. Re3+ Kf6 53. Re8 Nd3 54. Rf8+ Kg7 55. Rf5 Kg6 56. Kg3 Ne1 57. Rf8 Rd3+ 58. f3 Rxf3+ 59. Rxf3 Nxf3 60. Kxf3 Kg5 61. Kg3 Kg6 1/2-1/2

[Event "Minsk Kupreichik Memorial rapid"]
[Site "Minsk"]
[Date "2019.08.17"]
[Round "9"]
[White "Kharin, Mikhail"]
[Black "Agapov, Sergey"]
[Result "0-1"]
[WhiteElo "2156"]
[BlackElo "2265"]
[PlyCount "76"]
[EventDate "2019.08.15"]
[EventType "swiss (rapid)"]
[EventRounds "10"]
[EventCountry "BLR"]
[SourceTitle "CBM 191 Extra"]
[Source "ChessBase"]
[SourceDate "2019.09.30"]
[SourceVersion "1"]
[SourceVersionDate "2019.09.30"]
[SourceQuality "1"]

1. d4 Nf6 2. Nc3 d5 3. Bf4 c6 4. e3 Bf5 5. f3 e6 6. g4 Bg6 7. h4 h5 8. g5 Nfd7 9. Bd3 Bxd3 10. Qxd3 c5 11. Nge2 Nc6 12. e4 e5 13. Bxe5 Ndxe5 14. dxe5 d4 15. Nd5 Qd7 16. f4 0-0-0 17. Qh3 Qe6 18. 0-0-0 Kb8 19. c3 f5 20. c4 g6 21. Ng3 Na5 22. b3 Qa6 23. Kb1 Nxc4 24. bxc4 Qxc4 25. Qf1 Qa4 26. Qd3 Qc6 27. Ne3 fxe4 28. Nxe4 b5 29. Nc2 Qb7 30. Qe2 Be7 31. Nf6 d3 32. Qd2 dxc2+ 33. Qxc2 c4 34. Qxg6 Qf3 35. Rxd8+ Rxd8 36. Rc1 Ba3 37. Qe4 Rd1 38. Nd7+ Kc7 0-1

[Event "Minsk Kupreichik Memorial rapid"]
[Site "Minsk"]
[Date "2019.08.15"]
[Round "2"]
[White "Agapov, Sergey"]
[Black "Safarli, Eltaj"]
[Result "0-1"]
[WhiteElo "2265"]
[BlackElo "2593"]
[PlyCount "74"]
[EventDate "2019.08.15"]
[EventType "swiss (rapid)"]
[EventRounds "10"]
[EventCountry "BLR"]
[SourceTitle "CBM 191 Extra"]
[Source "ChessBase"]
[SourceDate "2019.09.30"]
[SourceVersion "1"]
[SourceVersionDate "2019.09.30"]
[SourceQuality "1"]

1. d4 Nf6 2. c4 g6 3. Nc3 d5 4. cxd5 Nxd5 5. e4 Nxc3 6. bxc3 Bg7 7. Nf3 c5 8. Be2 0-0 9. 0-0 Nd7 10. Be3 Nf6 11. Qc2 b6 12. Rad1 e6 13. dxc5 Qc7 14. cxb6 axb6 15. Bd4 Bb7 16. Bd3 Rfc8 17. Qb1 Nd7 18. Bb5 Nc5 19. Rfe1 Ra3 20. h4 Rca8 21. Rd2 Qf4 22. Rde2 h6 23. Qb4 Bxd4 24. cxd4 Nxe4 25. d5 exd5 26. Nd2 Rxa2 27. Nxe4 dxe4 28. Qe7 Rxe2 29. Bxe2 Bd5 30. Rd1 Be6 31. g3 Qb8 32. Rd6 Qf8 33. Rxe6 fxe6 34. Qxe6+ Kg7 35. Qxe4 Re8 36. Qg4 Qf5 37. Qc4 Qe6 0-1

[Event "Minsk Kupreichik Memorial rapid"]
[Site "Minsk"]
[Date "2019.08.15"]
[Round "1"]
[White "Kozlov, Valentin"]
[Black "Agapov, Sergey"]
[Result "0-1"]
[WhiteElo "1624"]
[BlackElo "2265"]
[PlyCount "46"]
[EventDate "2019.08.15"]
[EventType "swiss (rapid)"]
[EventRounds "10"]
[EventCountry "BLR"]
[SourceTitle "CBM 191 Extra"]
[Source "ChessBase"]
[SourceDate "2019.09.30"]
[SourceVersion "1"]
[SourceVersionDate "2019.09.30"]
[SourceQuality "1"]

1. e4 d5 2. exd5 Qxd5 3. Nc3 Qd6 4. d4 Nf6 5. Nf3 a6 6. Bd3 Nc6 7. Be3 Bg4 8. h3 Bh5 9. g4 Bg6 10. Bxg6 hxg6 11. Qe2 Nxg4 12. 0-0-0 Nf6 13. Qd2 Nd5 14. Ng5 e6 15. Nge4 Qd7 16. Nc5 Bxc5 17. dxc5 0-0-0 18. Ne4 Qe7 19. Ng5 Nf4 20. Bxf4 Rxd2 21. Rxd2 Qxc5 22. Nxf7 Rf8 23. Be3 Qa5 0-1

[Event "Moscow Govrnor Cup-A rapid KO"]
[Site "Moscow"]
[Date "2013.02.23"]
[Round "4.1"]
[White "Agapov, Sergey"]
[Black "Apryshko, Gleb"]
[Result "1-0"]
[WhiteElo "2265"]
[BlackElo "2312"]
[PlyCount "43"]
[EventDate "2013.02.23"]
[EventType "k.o. (rapid)"]
[EventRounds "4"]
[EventCountry "RUS"]
[SourceTitle "CBM 153 Extra"]
[Source "ChessBase"]
[SourceDate "2013.04.22"]
[SourceVersion "1"]
[SourceVersionDate "2013.04.22"]
[SourceQuality "1"]

1. d4 d6 2. Bg5 g6 3. h4 h6 4. Bf4 Bg7 5. Nf3 e6 6. Qd2 Ne7 7. e4 Nd7 8. Nc3 a6 9. 0-0-0 b5 10. Bd3 Bb7 11. g4 b4 12. Ne2 Nf6 13. Ng3 Nxg4 14. Qxb4 Qc8 15. Qd2 e5 16. dxe5 dxe5 17. Be3 Nxe3 18. Qxe3 h5 19. Qc5 Nc6 20. Bc4 Qg4 21. Ng5 Bh6 22. Bxf7# 1-0

[Event "Moscow Govrnor Cup-A rapid KO"]
[Site "Moscow"]
[Date "2013.02.23"]
[Round "4.3"]
[White "Agapov, Sergey"]
[Black "Apryshko, Gleb"]
[Result "0-1"]
[WhiteElo "2265"]
[BlackElo "2312"]
[PlyCount "138"]
[EventDate "2013.02.23"]
[EventType "k.o. (rapid)"]
[EventRounds "4"]
[EventCountry "RUS"]
[SourceTitle "CBM 153 Extra"]
[Source "ChessBase"]
[SourceDate "2013.04.22"]
[SourceVersion "1"]
[SourceVersionDate "2013.04.22"]
[SourceQuality "1"]

1. d4 g6 2. g3 Bg7 3. Bg2 Nf6 4. e4 d6 5. Nf3 Nxe4 6. 0-0 0-0 7. Re1 Nf6 8. h3 c6 9. c3 Nbd7 10. Bg5 Re8 11. Nbd2 Qc7 12. a4 b6 13. a5 b5 14. c4 a6 15. d5 c5 16. Qc2 h6 17. Bf4 Bb7 18. b3 Nh5 19. Be3 Bxa1 20. Rxa1 Kh7 21. Ne4 Nhf6 22. Nc3 b4 23. Ne2 e6 24. dxe6 Rxe6 25. Nf4 Re7 26. Qc1 Rae8 27. Nd5 Nxd5 28. cxd5 Bxd5 29. Ng5+ hxg5 30. Bxd5 Nf6 31. Bc4 Rxe3 32. fxe3 Qb7 33. Qf1 Rxe3 34. Bxa6 Qe4 35. Kh2 Rf3 36. Qg2 g4 37. Be2 Re3 38. Qxe4 Rxe4 39. Bb5 Nd5 40. a6 Nc7 41. Bc6 Re2+ 42. Kg1 gxh3 43. a7 Re3 44. Bd5 Rxg3+ 45. Kh2 Rd3 46. a8Q Nxa8 47. Bxa8 Rxb3 48. Bd5 Rb2+ 49. Kxh3 Kg7 50. Kg3 Rd2 51. Bc4 d5 52. Bb5 c4 53. Ra7 b3 54. Be8 Kf8 55. Bxf7 Rd3+ 56. Kf4 b2 57. Rb7 b1Q 58. Rxb1 Kxf7 59. Ke5 g5 60. Kf5 c3 61. Rb7+ Ke8 62. Ke6 Kd8 63. Kd6 Kc8 64. Rb3 c2 65. Rxd3 c1Q 66. Rxd5 Qc7+ 67. Ke6 Qc6+ 68. Ke5 g4 69. Rd3 g3 0-1

[Event "Moscow Govrnor Cup-A rapid KO"]
[Site "Moscow"]
[Date "2013.02.23"]
[Round "2.3"]
[White "Agapov, Sergey"]
[Black "Mischuk, Dmitry"]
[Result "1-0"]
[WhiteElo "2265"]
[BlackElo "2330"]
[PlyCount "39"]
[EventDate "2013.02.23"]
[EventType "k.o. (rapid)"]
[EventRounds "4"]
[EventCountry "RUS"]
[SourceTitle "CBM 153 Extra"]
[Source "ChessBase"]
[SourceDate "2013.04.22"]
[SourceVersion "1"]
[SourceVersionDate "2013.04.22"]
[SourceQuality "1"]

1. d4 e5 2. dxe5 Nc6 3. Nf3 Qe7 4. Nc3 Nxe5 5. e4 Nxf3+ 6. Qxf3 d6 7. Bf4 h5 8. h3 g6 9. Nd5 Qd8 10. Bc4 Be6 11. 0-0-0 Bg7 12. Rhe1 g5 13. Bd2 g4 14. Qb3 c6 15. Ne3 Qd7 16. Nf5 Bxf5 17. exf5+ Kf8 18. Kb1 a5 19. Bf4 a4 20. Qa3 1-0

[Event "Moscow Govrnor Cup-A rapid KO"]
[Site "Moscow"]
[Date "2013.02.23"]
[Round "3.3"]
[White "Gumirov, Konstantin L"]
[Black "Agapov, Sergey"]
[Result "1/2-1/2"]
[WhiteElo "2007"]
[BlackElo "2265"]
[PlyCount "80"]
[EventDate "2013.02.23"]
[EventType "k.o. (rapid)"]
[EventRounds "4"]
[EventCountry "RUS"]
[SourceTitle "CBM 153 Extra"]
[Source "ChessBase"]
[SourceDate "2013.04.22"]
[SourceVersion "1"]
[SourceVersionDate "2013.04.22"]
[SourceQuality "1"]

1. e4 d5 2. exd5 Qxd5 3. Nc3 Qd6 4. g3 Nf6 5. Bg2 c6 6. d3 Bf5 7. Bf4 Qd8 8. Qd2 e6 9. 0-0-0 Bb4 10. Nge2 Nbd7 11. h3 Nd5 12. g4 Bg6 13. h4 h5 14. f3 Qa5 15. Kb1 N7b6 16. a3 Nxc3+ 17. Nxc3 Be7 18. Ne4 Qxd2 19. Rxd2 0-0-0 20. g5 Bf5 21. Bh3 Nd5 22. Be5 Rhg8 23. Bxf5 exf5 24. Ng3 g6 25. c4 Nc7 26. d4 Rge8 27. Ne2 b5 28. Rc1 Kb7 29. Bxc7 Kxc7 30. cxb5 c5 31. Rdc2 Kb6 32. dxc5+ Kxb5 33. c6 Rd3 34. c7 Rc8 35. Nc3+ Ka6 36. Re2 Bd6 37. Na4 Kb5 38. Nc3+ Ka6 39. Na4 Kb5 40. Nc3+ Ka6 1/2-1/2

[Event "Moscow Govrnor Cup-A rapid KO"]
[Site "Moscow"]
[Date "2013.02.23"]
[Round "2.5"]
[White "Mischuk, Dmitry"]
[Black "Agapov, Sergey"]
[Result "1-0"]
[WhiteElo "2330"]
[BlackElo "2265"]
[PlyCount "59"]
[EventDate "2013.02.23"]
[EventType "k.o. (rapid)"]
[EventRounds "4"]
[EventCountry "RUS"]
[SourceTitle "CBM 153 Extra"]
[Source "ChessBase"]
[SourceDate "2013.04.22"]
[SourceVersion "1"]
[SourceVersionDate "2013.04.22"]
[SourceQuality "1"]

1. d4 Nf6 2. c4 e5 3. dxe5 Ng4 4. e3 Nxe5 5. Nh3 g6 6. Nf4 Bg7 7. Nc3 0-0 8. Be2 Re8 9. 0-0 d6 10. Qc2 a5 11. b3 Na6 12. Bb2 Nb4 13. Qd2 Bf5 14. e4 Bd7 15. Nfd5 Nxd5 16. cxd5 a4 17. bxa4 Bxa4 18. Nxa4 Rxa4 19. Bb5 Nc4 20. Qc2 Bxb2 21. Bxa4 Bxa1 22. Qxc4 Bf6 23. Bxe8 Qxe8 24. Qxc7 Qxe4 25. Qxd6 Be5 26. Qd7 h5 27. Qxb7 h4 28. Qc6 Qf4 29. g3 Qg4 30. Qe8+ 1-0

[Event "Serpukhov-I"]
[Site "Serpukhov"]
[Date "2003.??.??"]
[Round "11"]
[White "Agapov, Sergey"]
[Black "Kazarina, Yulia"]
[Result "1-0"]
[WhiteElo "2232"]
[BlackElo "2183"]
[PlyCount "71"]
[EventDate "2003.??.??"]
[EventType "tourn"]
[EventRounds "13"]
[EventCountry "RUS"]
[SourceTitle "EXT 2005"]
[Source "ChessBase"]
[SourceDate "2004.11.15"]
[SourceVersion "1"]
[SourceVersionDate "2004.11.15"]
[SourceQuality "1"]

1. d4 d5 2. Nf3 Nf6 3. Bg5 e6 4. Nbd2 Nbd7 5. e4 dxe4 6. Nxe4 Be7 7. Bxf6 Nxf6 8. Bd3 0-0 9. Qe2 Nd5 10. Qd2 b6 11. 0-0 Bb7 12. a4 Nb4 13. a5 Nxd3 14. Qxd3 Bxe4 15. Qxe4 Qd5 16. Qe2 c5 17. c4 Qb7 18. a6 Qc7 19. Rfd1 cxd4 20. Nxd4 Rac8 21. b3 Bf6 22. Nb5 Qe7 23. Ra2 Ra8 24. Rad2 Qb4 25. Qf3 Be5 26. g3 Rfe8 27. Qxa8 Rxa8 28. Rd8+ Qf8 29. Rxf8+ Kxf8 30. Rd7 Ke8 31. Rxa7 Rb8 32. f4 Bf6 33. Nd6+ Kf8 34. Rxf7+ Kg8 35. a7 Ra8 36. Rb7 1-0

[Event "Serpukhov-B"]
[Site "Serpukhov"]
[Date "2002.??.??"]
[Round "7"]
[White "Agapov, Sergey"]
[Black "Samarin, Igor Valerievich"]
[Result "1/2-1/2"]
[WhiteElo "2254"]
[BlackElo "2408"]
[PlyCount "25"]
[EventDate "2002.??.??"]
[EventType "tourn"]
[EventRounds "13"]
[EventCountry "RUS"]
[SourceTitle "EXT 2003"]
[Source "ChessBase"]
[SourceDate "2002.11.25"]
[SourceVersion "1"]
[SourceVersionDate "2002.11.25"]
[SourceQuality "1"]

1. d4 d6 2. c4 e5 3. Nf3 e4 4. Ng5 f5 5. Nc3 Be7 6. Nh3 Nf6 7. Bg5 c6 8. e3 Na6 9. Nf4 0-0 10. h4 Nc7 11. Qb3 Ng4 12. Bxe7 Qxe7 13. Be2 1/2-1/2

[Event "Serpukhov op"]
[Site "Serpukhov"]
[Date "2002.??.??"]
[Round "7"]
[White "Agapov, Sergey"]
[Black "Zhidkov, Valery S"]
[Result "0-1"]
[WhiteElo "2232"]
[BlackElo "2372"]
[PlyCount "50"]
[EventDate "2002.??.??"]
[EventType "swiss"]
[EventRounds "15"]
[EventCountry "RUS"]
[SourceTitle "EXT 2007"]
[Source "ChessBase"]
[SourceDate "2006.11.23"]
[SourceVersion "1"]
[SourceVersionDate "2006.11.23"]
[SourceQuality "1"]

1. d4 Nf6 2. c4 e6 3. Nc3 d5 4. Nf3 Be7 5. Bg5 Nbd7 6. Qc2 0-0 7. e3 Re8 8. Rd1 c6 9. a3 Qa5 10. Bd3 dxc4 11. Bxc4 h6 12. h4 Nd5 13. Bxd5 exd5 14. Bxe7 Rxe7 15. Kd2 b5 16. g4 Nb6 17. Rdg1 b4 18. axb4 Nc4+ 19. Kc1 Qxb4 20. h5 f6 21. g5 fxg5 22. Nxg5 Bf5 23. Na2 Qa5 24. e4 Qxa2 25. exf5 Re2 0-1

[Event "Serpukhov-B"]
[Site "Serpukhov"]
[Date "2002.??.??"]
[Round "3"]
[White "Kornilov, Ivan"]
[Black "Agapov, Sergey"]
[Result "1-0"]
[WhiteElo "2281"]
[BlackElo "2254"]
[PlyCount "43"]
[EventDate "2002.??.??"]
[EventType "tourn"]
[EventRounds "13"]
[EventCountry "RUS"]
[SourceTitle "EXT 2003"]
[Source "ChessBase"]
[SourceDate "2002.11.25"]
[SourceVersion "1"]
[SourceVersionDate "2002.11.25"]
[SourceQuality "1"]

1. e4 d5 2. exd5 Qxd5 3. Nc3 Qd6 4. d4 Nf6 5. Bc4 a6 6. Nge2 Qc6 7. Qd3 Qxg2 8. Rg1 Qh3 9. Ng3 Nc6 10. Bf4 Bg4 11. f3 Be6 12. 0-0-0 Qh4 13. Bxc7 Bxc4 14. Qxc4 g6 15. Kb1 Bh6 16. Qb3 b5 17. Nxb5 Kd7 18. d5 Nb4 19. Nd4 Rhc8 20. d6 Rxc7 21. dxc7 Nbd5 22. Qb7 1-0

[Event "Serpukhov-B"]
[Site "Serpukhov"]
[Date "2002.??.??"]
[Round "8"]
[White "Kulish, Oksana"]
[Black "Agapov, Sergey"]
[Result "1/2-1/2"]
[WhiteElo "2132"]
[BlackElo "2254"]
[PlyCount "60"]
[EventDate "2002.??.??"]
[EventType "tourn"]
[EventRounds "13"]
[EventCountry "RUS"]
[SourceTitle "EXT 2003"]
[Source "ChessBase"]
[SourceDate "2002.11.25"]
[SourceVersion "1"]
[SourceVersionDate "2002.11.25"]
[SourceQuality "1"]

1. e4 c5 2. Nf3 Nc6 3. d4 cxd4 4. Nxd4 Qc7 5. Nb5 Qb8 6. g3 a6 7. N5c3 e6 8. Bg2 Nf6 9. 0-0 Be7 10. b3 0-0 11. Bb2 Rd8 12. Nd2 b5 13. h3 Bb7 14. f4 d5 15. e5 Ne4 16. Ncxe4 dxe4 17. Qe2 Qa7+ 18. Kh2 e3 19. Nf3 b4 20. Rfe1 Bc5 21. Rad1 a5 22. Ng5 h6 23. Ne4 Nd4 24. Bxd4 Bxd4 25. Nd6 Ba6 26. Qh5 Bc3 27. Bxa8 Rxa8 28. Re2 Bxe2 29. Qxe2 Bd2 30. Nc4 Rc8 1/2-1/2

[Event "Serpukhov-B"]
[Site "Serpukhov"]
[Date "2002.??.??"]
[Round "1"]
[White "Novichkov, Vadim"]
[Black "Agapov, Sergey"]
[Result "1/2-1/2"]
[WhiteElo "2420"]
[BlackElo "2254"]
[PlyCount "103"]
[EventDate "2002.??.??"]
[EventType "tourn"]
[EventRounds "13"]
[EventCountry "RUS"]
[SourceTitle "EXT 2003"]
[Source "ChessBase"]
[SourceDate "2002.11.25"]
[SourceVersion "1"]
[SourceVersionDate "2002.11.25"]
[SourceQuality "1"]

1. Nf3 g6 2. d4 Bg7 3. e4 c5 4. dxc5 Na6 5. Bxa6 bxa6 6. c6 d6 7. 0-0 Qb6 8. Re1 Bg4 9. h3 Bxf3 10. Qxf3 Qxc6 11. Nc3 Bxc3 12. bxc3 Nf6 13. Bh6 Nd7 14. Qg3 Rc8 15. Re3 Rg8 16. f4 Qb6 17. Kh1 f6 18. e5 dxe5 19. fxe5 Nxe5 20. Rae1 Rc5 21. Bf4 Qc7 22. Bxe5 fxe5 23. Qf3 Qc6 24. Rxe5 Qxf3 25. Rxe7+ Kf8 26. gxf3 Rg7 27. Re8+ Kf7 28. R1e3 Ra5 29. R8e4 Kf6 30. a4 Rc7 31. Kg2 Kf7 32. Kg3 Rac5 33. Rf4+ Kg7 34. Rd4 g5 35. h4 gxh4+ 36. Kxh4 Rxc3 37. Rxc3 Rxc3 38. Kg3 Rxc2 39. Rd6 a5 40. Rd7+ Kg6 41. Rxa7 Rc5 42. Ra6+ Kg5 43. Rb6 Kf5 44. Rh6 Kg5 45. Rxh7 Rc4 46. Rg7+ Kf5 47. Rg4 Rb4 48. Kh3 Rb3 49. Kg2 Rb4 50. Kg3 Ke5 51. Kf2 Kf5 52. Ke3 1/2-1/2

[Event "Serpukhov op"]
[Site "Serpukhov"]
[Date "2002.??.??"]
[Round "8"]
[White "Panush, Viktor"]
[Black "Agapov, Sergey"]
[Result "0-1"]
[WhiteElo "2271"]
[BlackElo "2232"]
[PlyCount "90"]
[EventDate "2002.??.??"]
[EventType "swiss"]
[EventRounds "15"]
[EventCountry "RUS"]
[SourceTitle "EXT 2007"]
[Source "ChessBase"]
[SourceDate "2006.11.23"]
[SourceVersion "1"]
[SourceVersionDate "2006.11.23"]
[SourceQuality "1"]

1. d4 Nf6 2. c4 c5 3. d5 g6 4. Nc3 Bg7 5. g3 e6 6. Bg2 exd5 7. cxd5 0-0 8. Nf3 Re8 9. 0-0 d6 10. Nd2 Nbd7 11. Nc4 Ne5 12. Nxe5 Rxe5 13. Bf4 Re8 14. Qc1 Rb8 15. Nb5 Bf8 16. Nxa7 Bd7 17. a4 Qb6 18. Nb5 Rxe2 19. Bg5 Bg7 20. Bf3 Ree8 21. Nc3 Ng4 22. a5 Qc7 23. Re1 Rxe1+ 24. Qxe1 Ne5 25. Bg2 h6 26. Bf4 Nc4 27. Qc1 g5 28. Ne4 gxf4 29. Qxc4 fxg3 30. Nxg3 Bxb2 31. Ra2 Bd4 32. Qc1 Bg7 33. Nh5 Qd8 34. Nxg7 Kxg7 35. Ra3 Bf5 36. Rf3 Bg6 37. Qc3+ Kg8 38. Rh3 Qg5 39. Re3 Qh4 40. Qb2 Qd8 41. Qd2 Ra8 42. Ra3 Qg5 43. Qb2 Re8 44. Rg3 Re1+ 45. Bf1 Qxd5 0-1

[Event "Serpukhov-B"]
[Site "Serpukhov"]
[Date "2002.??.??"]
[Round "14"]
[White "Shevchenko, Olesia"]
[Black "Agapov, Sergey"]
[Result "0-1"]
[WhiteElo "2023"]
[BlackElo "2254"]
[PlyCount "40"]
[EventDate "2002.??.??"]
[EventType "tourn"]
[EventRounds "13"]
[EventCountry "RUS"]
[SourceTitle "EXT 2003"]
[Source "ChessBase"]
[SourceDate "2002.11.25"]
[SourceVersion "1"]
[SourceVersionDate "2002.11.25"]
[SourceQuality "1"]

1. e4 Nf6 2. Nc3 e5 3. Bc4 Nxe4 4. Bxf7+ Kxf7 5. Nxe4 d5 6. Qh5+ g6 7. Qxe5 Bh6 8. Nf6 Qxf6 9. Qxc7+ Nd7 10. Nf3 Re8+ 11. Kd1 Bf4 12. Qa5 Nb6 13. h3 Bf5 14. d3 Bxc1 15. Kxc1 Bxd3 16. cxd3 Rac8+ 17. Kb1 Re2 18. Qb4 Rcc2 19. Qd4 Rxb2+ 20. Kc1 Qc6+ 0-1

[Event "Serpukhov-B"]
[Site "Serpukhov"]
[Date "2002.??.??"]
[Round "10"]
[White "Skalozubov, Alexander"]
[Black "Agapov, Sergey"]
[Result "0-1"]
[WhiteElo "2264"]
[BlackElo "2254"]
[PlyCount "75"]
[EventDate "2002.??.??"]
[EventType "tourn"]
[EventRounds "13"]
[EventCountry "RUS"]
[SourceTitle "EXT 2003"]
[Source "ChessBase"]
[SourceDate "2002.11.25"]
[SourceVersion "1"]
[SourceVersionDate "2002.11.25"]
[SourceQuality "1"]

1. d4 Nf6 2. c4 g6 3. f3 Bg7 4. e4 0-0 5. Nc3 c5 6. d5 e6 7. Bg5 exd5 8. cxd5 Re8 9. Qd2 a6 10. a4 d6 11. Nge2 Nbd7 12. Ng3 Qc7 13. Be2 Rb8 14. 0-0 c4 15. Be3 h5 16. a5 h4 17. Nh1 Nc5 18. Qd1 Nb3 19. Bb6 Qe7 20. Rb1 Bh6 21. Bxc4 Nd2 22. Bd3 Nxf1 23. Qxf1 Nh5 24. Nf2 Bf4 25. Ne2 Be5 26. Ba7 Ra8 27. Be3 Qf6 28. b4 Nf4 29. Nxf4 Bxf4 30. Bb6 Qe5 31. h3 Qg5 32. Qe2 Bd7 33. Bd4 Rec8 34. Ng4 Bxg4 35. hxg4 Rc7 36. Bb2 Rac8 37. Qd1 Bc1 38. Ba1 0-1

[Event "Serpukhov-B"]
[Site "Serpukhov"]
[Date "2002.??.??"]
[Round "13"]
[White "Tsarenkov, Nikolay"]
[Black "Agapov, Sergey"]
[Result "1/2-1/2"]
[WhiteElo "2364"]
[BlackElo "2254"]
[PlyCount "31"]
[EventDate "2002.??.??"]
[EventType "tourn"]
[EventRounds "13"]
[EventCountry "RUS"]
[SourceTitle "EXT 2003"]
[Source "ChessBase"]
[SourceDate "2002.11.25"]
[SourceVersion "1"]
[SourceVersionDate "2002.11.25"]
[SourceQuality "1"]

1. e4 e5 2. f4 exf4 3. Nf3 d5 4. exd5 Nf6 5. Bb5+ c6 6. dxc6 Nxc6 7. d4 Bd6 8. 0-0 0-0 9. Nbd2 Bg4 10. Nc4 Bxf3 11. Rxf3 Bc5 12. Bxc6 Qxd4+ 13. Qxd4 Bxd4+ 14. Kh1 bxc6 15. Bxf4 Nd5 16. c3 1/2-1/2